American Cities by Pro Sports Team - Statistics

General Stats
  • This quiz has been taken 95 times
  • The average score is 35 of 50
Answers on the Map
Answers color-coded by a green-red scale on the quiz's map according to % correct below.
 
Answer Stats
Answer % Correct
Los Angeles
93%
New York
93%
Miami
88%
Toronto
87%
Dallas
86%
Phoenix
82%
San Francisco
82%
Houston
81%
Boston
80%
Chicago
80%
Denver
78%
Seattle
78%
Charlotte
77%
Detroit
77%
Minneapolis
77%
Atlanta
75%
Cincinnati
75%
New Orleans
73%
Washington, D.C.
73%
Jacksonville
72%
Kansas City
72%
Las Vegas
72%
Philadelphia
71%
Salt Lake City
71%
Green Bay
70%
Pittsburgh
70%
St. Louis
70%
Cleveland
69%
Indianapolis
69%
Portland
69%
Buffalo
67%
Sacramento
66%
Milwaukee
65%
San Antonio
65%
Vancouver
65%
Edmonton
64%
Nashville
64%
Tampa
64%
Baltimore
63%
Oklahoma City
63%
Montreal
61%
Orlando
60%
Winnipeg
60%
Memphis
57%
Ottawa
57%
Calgary
55%
San Diego
52%
Columbus
46%
Raleigh
41%
Austin
14%
No matching quizzes found
Score Distribution
Percent of People with Each Score
Percentile by Number Answered
Your Score History
You have not taken this quiz